عرض عادي
عرض مارك
- سرية، هيثم
دخول Personal Name
001 - CONTROL NUMBER
- control field: 28620
003 - CONTROL NUMBER IDENTIFIER
- control field: AE-AdECS
005 - DATE AND TIME OF LATEST TRANSACTION
- control field: 20260414151813.0
008 - FIXED-LENGTH DATA ELEMENTS
- fixed length control field: 260414|| aca||aabn | a|a d
040 ## - CATALOGING SOURCE
- Original cataloging agency: AE-AdECS
- Transcribing agency: AE-AdECS
100 ## - HEADING--PERSONAL NAME
- Personal name: سرية، هيثم
670 ## - SOURCE DATA FOUND
- Source citation: Work cat.: (AE-AdECS)294705: غورس، بول-ماري دولا مؤلف. 28614, الإمبراطورية الأخيرة :
